000 00729nam a22002297a 4500
003 DO-SdBNP
005 20211213130413.0
007 ta
008 210910b2019 dr ||||| |||| 00| p spa d
020 _a9789945503579
040 _aDO-SdBNP
_bspa
_cBNPHU
082 4 _222
_bM385s
100 1 _aMartínez, Jan,
_d1954-
_917303
245 1 0 _aSumma :
_b(antología poética) /
_cJan Martínez ; prólogo Miguel Ángel Fornerín.
260 _a Santo Domingo :
_bNacional,
_c2019.
300 _a185 p. ;
_c21 cm.
490 _aPuentes ;
_v3
500 _aIncluye datos biográficos del autor en la solapa de la cubierta
590 _aInventariado, 2021 /LP
830 0 _aPuentes ;
_n3
_979824
_pPoesía
942 _2ddc
_cLBS1
999 _c50469
_d50469